Softwar : an intimate portrait of Larry Ellison and Oracle /

Bibliographic Details
Main Author: Symonds, Matthew
Other Authors: Ellison, Larry
Format: Book
Language:English
Published: New York : Simon & Schuster, [2003]
Subjects:

MARC

Tag First Indicator Second Indicator Subfields
LEADER 00000pam a22000004a 4500
001 in00001788821
005 20151025113431.0
008 030711s2003 nyua 001 0beng
010 |a  2003058989 
020 |a 074322504X 
035 |a (OCoLC)ocm52638805 
040 |a DLC  |c DLC  |d YDX  |d TXA  |d UtOrBLW 
042 |a pcc 
043 |a n-us--- 
049 |a TXAM 
050 0 0 |a HD9696.63.U62  |b E4478 2003 
082 0 0 |a 338.7/610053/0973  |2 22 
100 1 |a Symonds, Matthew. 
245 1 0 |a Softwar :  |b an intimate portrait of Larry Ellison and Oracle /  |c Mathew Symonds ; with commentary by Larry Ellison. 
264 1 |a New York :  |b Simon & Schuster,  |c [2003] 
264 4 |c ©2003 
300 |a xiii, 508 pages :  |b illustrations ;  |c 25 cm. 
336 |a text  |b txt  |2 rdacontent 
337 |a unmediated  |b n  |2 rdamedia 
338 |a volume  |b nc  |2 rdacarrier 
500 |a Includes index. 
600 1 0 |a Ellison, Larry. 
610 2 0 |a Oracle Corporation  |x History. 
650 0 |a Computer software industry  |z United States  |x History. 
650 0 |a Businessmen  |z United States  |v Biography. 
700 1 |a Ellison, Larry. 
994 |a E0  |b TXA 
948 |a cataloged  |b h  |c 2003/10/26  |d c  |e bwalker  |f 3:27:09 pm 
999 |a MARS 
999 f f |s 701b1cec-cef0-3085-b899-ccf35c40e007  |i 81f33601-e81d-31cf-89e3-f388ddf91626  |t 0 
952 f f |p ric  |a Texas A&M University  |b Rellis Campus  |c Joint Library Facility  |s JLF  |d Remote Storage  |t 0  |e HD9696.63.U62 E4478 2003  |h Library of Congress classification  |i unmediated -- volume  |m A14830545914 
998 f f |a HD9696.63.U62 E4478 2003  |t 0  |l Remote Storage